Komentár k novelizácii zákona o dani z príjmov ...
Komentár k novelizácii zákona o dani z príjmov vykonanej zákonom z 28. októbra 2005 účinnej od 15. decembra 2005 a od 1. januára 2006.
Enregistré dans:
| Auteur principal: | |
|---|---|
| Format: | Chapitre de livre |
| Langue: | slovaque |
| Sujets: | |
| Tags: |
Pas de tags, Soyez le premier à ajouter un tag!
|
MARC
| LEADER | 00000naa$a2200000$$$4500 | ||
|---|---|---|---|
| 001 | 0037513 | ||
| 005 | 20231106071715.2 | ||
| 041 | 0 | |a slo | |
| 044 | |a SK | ||
| 245 | 1 | 0 | |a Komentár k novelizácii zákona o dani z príjmov ... |c Ján Minársky |
| 520 | |a Komentár k novelizácii zákona o dani z príjmov vykonanej zákonom z 28. októbra 2005 účinnej od 15. decembra 2005 a od 1. januára 2006. | ||
| 610 | 2 | 0 | |a dane z príjmov |
| 610 | 2 | 0 | |a zákony |
| 610 | 2 | 0 | |a 2005 |
| 610 | 2 | 0 | |a novelizácia |
| 610 | 2 | 0 | |a Slovensko |
| 610 | 2 | 0 | |a komentáre |
| 100 | 1 | |a Minársky, Ján | |